[Event "EU-Cup 18th"]
[Site "Kallithea"]
[Date "2002.09.24"]
[Round "3.4"]
[White "Malakhov, Vladimir"]
[Black "Movsesian, Sergei"]
[Result "0-1"]
[WhiteElo "2668"]
[BlackElo "2654"]
[Annotator "Rabinovich,Al"]
[PlyCount "96"]
[EventDate "2002.09.22"]
[EventType "team-swiss"]
[EventRounds "7"]
[EventCountry "GRE"]
[SourceTitle "CBM 092"]
[Source "ChessBase"]
[SourceDate "2003.02.06"]
[SourceVersion "1"]
[SourceVersionDate "2003.02.06"]
[SourceQuality "1"]
[WhiteTeam "Norilsk Nikel"]
[BlackTeam "Sarajevo Bosna"]
[WhiteTeamCountry "RUS"]
[BlackTeamCountry "BIH"]

1. e4 {[%mdl 16388]} c5 2. Nf3 Nc6 3. Bb5 e6 4. O-O (4. Bxc6 $5 {In my opinion
this move more suits the character of the white's plan..The whole idea behind
the 3.Bb5 is to make black development difficult or to make some pawn
weaknesses on Qside...} bxc6 5. d3 Ne7 6. Qe2 f6 7. Nh4 g6 8. f4 Bg7 9. Nf3 (9.
O-O O-O 10. Nf3 h6 11. Be3 d6 12. e5 fxe5 13. fxe5 Nf5 14. Nbd2 g5 15. g4 $1
$40 {1-0 Marcelin,C-Bacrot,E/Val d'Isere FRA 2002/The Week in Chess 407 (40)})
9... O-O 10. Qf2 d6 11. Nc3 e5 12. fxe5 fxe5 13. Qh4 a5 14. Bh6 $1 $16 {
[%cal Gf3g5] 1-0 Glek,I-Krasenkow,M/Mainz GER 2002/The Week in Chess 406 (64)})
4... Nge7 5. c3 (5. Re1 $5 a6 6. Bxc6 Nxc6 7. d4 cxd4 8. Nxd4 Qc7 9. Nc3 Bd6
10. Nd5 $1 exd5 11. exd5+ Ne5 12. f4 O-O 13. fxe5 Bxe5 14. Nf3 d6 15. Nxe5 dxe5
16. d6 $1 $36 {0-1 Pasman,M-Gershon,A/ISR 2002/The Week in Chess 391 (33)})
5... a6 6. Ba4 c4 $5 {[%csl Rd2] After a few months/years that 6...b5 was a
popular guest in high level tournaments,now 6...c4 comes may be to take his
place?!} (6... b5 $5 7. Bc2 Bb7 8. Qe2 (8. Re1 Rc8 9. a4 Qb6 10. Na3 Ng6 11.
axb5 axb5 12. d4 cxd4 13. cxd4 Bb4 14. Re2 $14 {1-0 Morozevich,A-Smirin,I/
Moscow RUS 2002/The Week in Chess 409 (35)}) 8... d5 (8... Ng6 $6 9. d4 cxd4
10. cxd4 Nh4 11. Rd1 $14 {1-0 Bitansky,I-Mikhalevski,V/ISR 2002/The Week in
Chess 391 (50)}) 9. e5 d4 10. Be4 Nd5 11. cxd4 Nxd4 12. Nxd4 cxd4 13. a4 (13.
d3 $5 Qc7 14. f4 Rc8 15. Bd2 Be7 16. Qf3 Qc2 $36 {[%csl Rb2] 0-1 Schneider,
D-Gulko,B/Seattle USA 2002/The Week in Chess 375 (32)}) 13... b4 14. d3 Qc7 15.
f4 Rc8 $36 {0-1 Grischuk,A-Kasparov,G/Moscow RUS 2002/The Week in Chess 395 
(58)}) 7. Bc2 Ng6 8. d4 {Statistics prove that it's better for white to avoid
this move for a while and try to attack c4 square from the flank!} (8. b3 $5 b5
(8... d5 9. exd5 Qxd5 10. Re1 cxb3 11. axb3 Bd6 12. d4 O-O 13. Nbd2 $16 {
1-0 Baklan,V-Loebler,H/Graz 1997/EXT 2000 (40)}) 9. a4 (9. Qe2 Qc7 10. bxc4 Nf4
11. Qe3 bxc4 12. Ba3 Be7 13. Bxe7 Nxe7 14. Na3 O-O 15. Rfe1 Nfg6 16. h4 $36 {
1-0 Vaulin,A-Moroz,A/Pardubice 1992/EXT 2000 (29)}) 9... Bb7 10. Na3 cxb3 11.
Bxb3 Na5 12. d3 Bc6 13. axb5 axb5 14. Nd4 $14 {1-0 Burnett,R-Sokolin,L/New
York 1999/EXT 2000 (40)}) 8... cxd3 9. Qxd3 $6 $146 {[%mdl 8]} (9. Bxd3 $142 $5
Qc7 10. Be3 Nce5 11. Nxe5 Nxe5 12. Be2 Bc5 13. Bxc5 Qxc5 14. Nd2 f6 15. Nb3 $14
{[%csl Rc8] 1-0 Brodsky,M-Krnic,Z/Wijk aan Zee 2001/CBM 80 ext (39)}) 9... Qc7
10. a4 Be7 $11 {It seems like black easily equalized.} 11. Na3 Rb8 $1 {To be
ready to play b5 in case of Nc4.} 12. Be3 O-O 13. Rfd1 (13. Nc4 b5 14. axb5
axb5 15. Ncd2 $11 {+/=}) 13... Rd8 {[%cal Gd7d5]} 14. b4 b6 (14... d5 $5 15.
exd5 Rxd5 16. Qe2 Nce5 {[%csl Rc3]}) 15. Bb3 Bb7 16. Qe2 {White has no real
plan and he just prepares against black possible break in the center.} Nce5 {
[%csl Rc3]} 17. Nxe5 Nxe5 18. Rac1 {[%cal Gf2f4,Ge4e5]} Ng6 {Black decides not
enter tactics and enjoys his flexible setup.} (18... Bxe4 $5 19. Bf4 {[%cal
Ge2e5]} (19. Bd4 d5 20. f3 Nd3 21. fxe4 (21. Rxd3 Bxd3 22. Qxd3 Bxb4 23. Nc2
Bd6 $15) 21... Nxc1 22. Rxc1 Bxb4 23. Nc2 dxe4 $2 (23... Bd6 24. e5 Bc5 25. Rf1
Rbc8 $132) 24. Nxb4 Rxd4 25. Nxa6 $18) (19. Bxb6 Rxb6 20. Qxe4 d5 {Black is
better.}) 19... d5 $8 20. f3 Nxf3+ 21. gxf3 (21. Qxf3 $2 e5 $19) 21... Qxf4 22.
fxe4 dxe4 {[%csl Ra3,Rb3] And black should be better here!}) 19. f3 (19. Nc4 $1
{[%csl Rb6] Was clearly better.} Bxe4 (19... b5 20. axb5 axb5 21. Bb6 (21. Nd2
{[%csl Rb5,Re4][%cal Gc3c4]})) 20. Bxb6 Rxb6 21. Nxb6 {[%csl Re4]}) 19... d5 $1
{The best time,after white weakened dark squares on Kside.} 20. exd5 exd5 {
[%csl Ra3]} 21. Qf2 Ba8 $15 22. Bd4 (22. f4 $5 {[%cal Gf4f5,Ge3d4]} Bd6 23. g3
{[%cal Gf4f5,Gf5f6]} Ne7 24. f5 $13) 22... Nf4 23. Qf1 $6 {[%cal Gf1a6]} (23.
Nc2 $5 {[%cal Gc2e3,Ge3f5]} Bd6 24. Ne3 $132 {[%csl Rg7][%cal Ge3f5,Gf5g7,
Gd4g7]}) 23... Bb7 24. Nc2 $6 {White is not better any longer and it was good
time to go on perpetual by playing 24.Qf2} (24. Qf2 Ba8 $11) 24... Ne6 {
[%cal Ge7g5]} 25. g3 Bg5 (25... Re8 $5 {More flexible move,don't show yet
where the Bishop goes...}) 26. f4 $8 (26. Be3 Qxc3 $19) (26. Ne3 Nxd4 $19 {
[%cal Gg5e3]}) (26. Rb1 Nxd4 {[%cal Gc7c3]} 27. cxd4 Re8 $17 {[%cal Gb8c8]})
26... Nxd4 27. Nxd4 Bf6 $15 {As a result of few changes in the position:1.
Black has a pare of bishops 2.Weakness on c3 3.Quiet weak white king 4.Lines
e-c for his rooks 5.White has only one good piece on d4 and this piece
prevents from his position to ruin!} 28. Qd3 Re8 29. Qf3 (29. Re1 Re4 $17 {
[%cal Gb8e8]}) 29... Qd7 30. Qf2 Rbc8 31. Rd3 {White has nothing to do,but
wait until black will find plan.} Re4 $17 32. Rcd1 Rce8 {[%csl Rg2][%cal Gd7h3,
Gf6d4,Ge4e2]} 33. Nf3 Qc8 {[%csl Rc3]} (33... Re2 $1 34. Qxb6 $4 (34. Qf1 $8 {
[%cal Gf3e5]} Rb2 35. Bxd5 Bxd5 36. Rxd5 Qxa4 $17 {[%csl Rc3]}) 34... Qh3 $19 {
[%csl Rg1]}) 34. Bxd5 (34. Qxb6 Bxc3 $17 35. Rc1 $2 Bd4+ $19 {[%cal Gd4g1,
Gd4b6,Gc8c1]}) 34... Bxd5 35. Rxd5 Qxc3 36. a5 b5 {[%csl Rb4]} 37. Ng5 R4e7 (
37... Re1+ 38. Rxe1 Rxe1+ 39. Kg2 Qxb4 $19) 38. Qc5 h6 $1 {Now the knight is
out of the game and black wins easily.} 39. Nh3 Qf3 40. Qf2 $8 Qb3 $19 {
[%csl Rb4]} 41. Qc5 Bc3 {White has obsolutely no counterplay.} 42. Nf2 Bxb4 43.
Qb6 Qf3 {[%csl Ge1]} 44. Re5 Rxe5 45. fxe5 Re6 46. Qc7 Rc6 $1 {[%cal Gc6c2,
Gb4c5,Gc5f2] Very sharp play from black.} 47. Qd8+ Kh7 48. Kf1 $2 (48. Qd3+
$142 Qxd3 49. Rxd3 Rc1+ 50. Kg2 Bxa5 $19) 48... Bxa5 $1 (48... Bxa5 $1 49. Qxa5
Rc2 50. Qe1 (50. Rd2 Rc1+ $19) 50... Rxf2+ 51. Qxf2 Qxd1+ $19 {[%csl Ga6,Gb5]})
0-1

[Event "HUN-ch Gr A"]
[Site "Balatonlelle"]
[Date "2002.06.04"]
[Round "4"]
[White "Cao, Sang"]
[Black "Horvath, Peter"]
[Result "1-0"]
[WhiteElo "2502"]
[BlackElo "2489"]
[Annotator "Rabinovich,Al"]
[PlyCount "85"]
[EventDate "2002.06.01"]
[EventType "tourn"]
[EventRounds "5"]
[EventCountry "HUN"]
[EventCategory "12"]
[SourceTitle "CBM 090"]
[Source "ChessBase"]
[SourceDate "2002.09.20"]
[SourceVersion "1"]
[SourceVersionDate "2002.09.20"]
[SourceQuality "1"]

1. e4 {[%mdl 2056]} c5 2. Nf3 Nc6 3. Bb5 e6 4. Bxc6 bxc6 5. b3 {Ather possible
moves for white:} (5. d3 d5 6. O-O Nf6 7. e5 Nd7 8. Qe2 Be7 9. c4 O-O 10. Nc3
Qc7 11. Bf4 Ba6 12. Rfe1 Rae8 13. b3 $14 {[%csl Ra6][%cal Gh2h4,Gh4h5,Gh5h6]
1-0 Yandemirov,V-Lependin,A/Tomsk RUS 2002/The Week in Chess 402 (39)}) (5. O-O
Qc7 6. b3 Ne7 7. Ba3 d6 8. c3 Ba6 9. Re1 Ng6 10. d4 Be7 11. dxc5 dxc5 12. Qc2
Qa5 13. Bb2 O-O 14. c4 e5 15. Nc3 f6 $11 {[%cal Gg6f4,Gf4e6,Ge6d4] 1-0
Ponomariov,R-Dreev,A/Moscow RUS 2002/The Week in Chess 395 (38)}) (5. e5 $6 f6
6. O-O fxe5 7. Nxe5 Nf6 8. c4 d6 9. Ng4 Be7 10. f4 O-O $15 {1/2-1/2 Sabol,
M-Michalek,J/CZE 2000/EXT 2001 (36)}) (5. Nc3 Ne7 6. d3 Ng6 7. h4 h5 8. e5 f6
9. Qe2 Qc7 10. exf6 gxf6 11. Bd2 d5 12. O-O-O Bd7 13. Kb1 O-O-O $44 {1/2-1/2
Klinova,M-Iordachescu,V/Wijk aan Zee NED 2002/The Week in Chess 378 (49)}) (5.
c4 Ne7 6. Nc3 Ng6 7. h4 h5 8. d3 e5 9. g3 d6 10. Qa4 Bd7 11. Nh2 Be7 12. Bd2
Nf8 13. Ne2 Ne6 $15 {0-1 Day,L-Nijboer,F/Amsterdam 2001/CBM 83 ext (38)}) 5...
f6 6. d4 $5 $146 {Rare continuation. Usually white first makes the castle and
only after pushes d4.I bilieve, this move will be a subject for many analyzes
of some top players.} (6. O-O Nh6 7. d4 Nf7 8. Ba3 cxd4 9. Bxf8 Kxf8 10. Qxd4
e5 (10... d6 11. Rd1 Qb6 12. Qc3 Ke7 13. Nbd2 Ba6 $44 {1/2-1/2 Belkhodja,
S-Bacrot,E/Aubervilliers FRA 2002/The Week in Chess 378 (27)}) 11. Qd2 (11. Qd3
d5 12. Rd1 f5 13. Qc3 Qd6 14. Nbd2 $36 {[%csl Rf8][%cal Gd2c4] 1-0 Karjakin,
S-Arzumanian,G/Alushta UKR 2002/The Week in Chess 392 (26)}) 11... d5 12. Nc3 (
12. Rd1 $1) 12... dxe4 13. Qxd8+ Nxd8 14. Nxe4 Bf5 $11 {0-1 Belkhodja,
S-Sveshnikov,E/Dubai UAE 2002/The Week in Chess 390 (64)}) 6... cxd4 7. Qxd4 d5
(7... Qb6 $5 8. Qxb6 (8. Be3 Qxd4 9. Nxd4 e5 10. Nf5 d5 $15) 8... axb6 9. Be3
b5 {[%csl Ra2]}) 8. O-O e5 9. Qd3 Be6 10. Nc3 d4 11. Na4 {[%cal Gc2c3] White
ready to open some files for his pieces.On the next move 12.c3 looks promising
as well as 12.Qa6 with some ideas on Qside. Black on the other hand yet
developed pieces.} Rc8 12. Qa6 {May be just one move too soon.} (12. Bd2 $1 {
[%cal Gd3a6,Gd2a5]}) 12... Qd7 13. c3 c5 14. Ba3 (14. cxd4 cxd4 15. Bd2 {
[%csl Re8,Rf8,Rg8,Rh8][%cal Ga1c1]} Ba3 16. Nb6 axb6 17. Qxa3 Ne7 18. Bb4 Nc6
19. Rac1 Kf7 $15) 14... Be7 15. Rac1 Rc6 16. Qa5 $1 {[%csl Rc5]} Bd8 $8 17. Qb5
{[%csl Rc5]} a6 $8 18. Qe2 (18. Qd3 $5 c4 (18... Be7 {[%cal Gg8h6,Gh6f7]} 19.
cxd4 cxd4 (19... exd4 20. Nxc5 $18) 20. Nc5 Bxc5 21. Bxc5 Ne7 $11) 19. Qd2 cxb3
20. Nc5 dxc3 21. Nxd7 cxd2 22. Nxf6+ gxf6 23. Rxc6 Bd7 24. Rd6 $16) 18... d3 $6
{Too tempting,but might be better was simple 18...Be7} (18... Be7 $5 {Solid
and good!}) 19. Qe3 c4 {Ambicious! This move is only continuation after the
previous one Black forgets for a moment that he is yet finished the first
stage of the game:DEVELOPMENT!} 20. Nd2 $1 {Crushing all black structure!} cxb3
21. axb3 {[%csl Rd3][%cal Ga4c5,Gc5d7,Gc5d3]} Be7 22. Bxe7 Nxe7 23. Nc5 $16 Qd8
24. Nxd3 O-O 25. Nc5 {[%csl Gc5][%cal Gb3b4]} Bf7 26. b4 f5 $6 {[%csl Re5] A
try to complicate the game,but in fact this move does nothing but adds another
weakness to black's structure!} 27. Rfd1 (27. Nf3 $1 {[%csl Re5]} f4 28. Qd2
Qc7 29. Rfd1 $18 {[%csl Gd7][%cal Gd2d7]}) 27... f4 28. Qe2 Qc8 29. Nf3 {
[%cal Gf3e5,Gf3g5]} Ng6 30. Ra1 $18 {[%csl Ra6] Simple and strong at the same
time!} Qg4 31. h3 Qh5 32. Rxa6 Rcc8 33. Qd3 h6 (33... Nh4 34. Ra7 $1 $18 {
[%cal Ga7h7]}) 34. Ra7 Nh4 35. Rd2 {Removing the R from Qh5 pin.} Rc6 36. Nxh4
Qxh4 37. Nd7 {White plays the technic part of the game very sharp,leaving no
chances for counterplay.} Rfc8 (37... Re8 38. Nxe5 Rxe5 39. Rxf7 Kxf7 40. Qd7+
Kg8 41. Qxc6 f3 42. Qc8+ Kh7 43. Qg4 $18) 38. Nxe5 Rxc3 {Looses by force,but
it was impossible to save the position.} 39. Qd7 Rc1+ 40. Kh2 Rf8 41. Nxf7 f3
42. g3 Qh5 43. Nd6 1-0

[Event "RUS-chT 09th Group2"]
[Site "Ekaterinburg"]
[Date "2002.05.18"]
[Round "2"]
[White "Rublevsky, Sergei"]
[Black "Pridorozhni, Aleksei"]
[Result "1-0"]
[WhiteElo "2657"]
[BlackElo "2426"]
[Annotator "Rabinovich,Al"]
[PlyCount "48"]
[EventDate "2002.05.17"]
[EventType "team-tourn"]
[EventRounds "7"]
[EventCountry "RUS"]
[SourceTitle "CBM 090"]
[Source "ChessBase"]
[SourceDate "2002.09.20"]
[SourceVersion "1"]
[SourceVersionDate "2002.09.20"]
[SourceQuality "1"]
[WhiteTeam "Kazan Ladya"]
[BlackTeam "Surgut Yugra"]
[WhiteTeamCountry "RUS"]
[BlackTeamCountry "RUS"]

1. e4 {[%mdl 32]} c5 2. Nf3 Nc6 3. Bb5 e6 4. O-O Nge7 5. c3 d5 (5... a6 $5 {
White must choose the right place for bishop:e2 or a4!} 6. Ba4 $5 b5 7. Bc2 Bb7
8. Qe2 d5 $1 (8... Ng6 9. d4 cxd4 10. cxd4 Nh4 11. Nbd2 $14 {1-0 Adams,
M-Shirov,A/Linares ESP 2002/The Week in Chess 383 (31)}) 9. e5 d4 10. Be4 Nd5
11. cxd4 (11. d3 $1 {This move is better than Grischuk's 11.c:d4} dxc3 12. Nxc3
Nxc3 (12... Nd4 13. Nxd4 cxd4 14. Nxd5 Bxd5 $14) (12... Be7 $13) 13. bxc3 Be7
14. d4 cxd4 15. cxd4 Qd7 16. a4 bxa4 17. Rxa4 O-O 18. Bd2 a5 19. Rfa1 h6 20. h4
Ba6 21. Qe3 Bb5 22. R4a2 a4 23. Bc2 {[%cal Ge3e4]} Qd5 (23... Nb4 24. Bxb4 Bxb4
25. Qe4 g6 26. h5 $18) 24. Bxa4 $14 {1-0 Morozevich,A-Van Wely,L/Monaco MNC
2002/The Week in Chess 386 (81)}) 11... Nxd4 12. Nxd4 cxd4 $15 {0-1 Grischuk,
A-Kasparov,G/Moscow RUS 2002/The Week in Chess 395 (58)}) 6. exd5 Qxd5 {
Another option is:} (6... Nxd5 7. d4 cxd4 8. Nxd4 Bd7 9. Nxc6 bxc6 10. Bd3 {
[%csl Rd7] 1-0 Rowson,J-Kuljasevic,D/Pula CRO 2002/The Week in Chess 393 (42)
Allows white to enjoy some advantage thanks to black's pawn setup and bad Bd7!}
) 7. Re1 (7. d4 cxd4 8. c4 $5 Qd6 9. Nxd4 Bd7 10. Nf3 Nf5 11. Nc3 a6 12. Ba4
Rd8 13. Ne4 $14 {1-0 Lutz,C-Pira,D/Leipzig GER 2002/The Week in Chess 392 (47)}
) 7... a6 (7... Bd7 8. Na3 Ng6 9. Bc4 Qh5 10. d4 cxd4 11. Nb5 Rc8 12. Be2 $36 {
1/2-1/2 Rublevsky,S-Sveshnikov,E/Vrnjacka Banja 1999/EXT 2000 (50)}) 8. Bf1 Nf5
9. Na3 Be7 (9... Qd8 $5 {[%cal Gc5d4,Gc6d4,Gf5d4,Gd8d4] Still preventing d4
and avoiding Bc4 with tempo!} 10. Nc2 Be7 $11) 10. Nc4 {[%cal Gc4b6]} Qd8 11.
Ne3 $6 (11. a4 $1 {[%csl Rb6][%cal Ga4a5] More chances for advantag.} b6 (11...
Nd6 12. Nce5 Nxe5 13. Nxe5 $14) 12. Qb3 Rb8 13. Nce5 {[%csl Ra6][%cal Gf1a6]}
Nxe5 14. Nxe5 $14) 11... Nh4 $1 {Very original idea.Instead of usual
exchanging on e3,black leaves the Ne3 which doesn't really have good squares.}
12. Nxh4 Bxh4 13. a3 (13. g3 Be7 14. Bg2 Qc7 15. Qh5 O-O $11 {[%csl Ra1,Rc1,
Rd2][%cal Gb7b5,Gc8b7]}) 13... b5 $1 14. b4 cxb4 15. axb4 Bb7 $11 {Black
reached a flexble setup for his pieces and has no problems equalizing.} 16. d4
Ne7 {[%csl Rc3][%cal Gb7g2,Ge7d5]} 17. Qh5 (17. Qg4 Ng6 18. Nf5 Bf6 $11) 17...
Ng6 18. g3 Bf6 19. Bg2 {[%csl Rc1,Rc3,Re3] White must be aware,otherways he
can get even worse position.} Bxg2 20. Nxg2 O-O {Now when the opening is over,
let's see what are the plans of both sides: White. 1. Develop the bishop to
suitible square 2. Double the rooks on a-file 3. Not to let black to put a
pressure on c3 Black: 1. Pressure on c3 2. Bringing the second rook into the
game 3. ... e5! - a strong option, at the right moment} 21. Qf3 $2 {[%cal
Gf3b7] Waste of time.} (21. Ne3 Rc8 22. Bd2 Qd6 23. Ng4 Bd8 24. Re2 $11) 21...
Bg5 (21... e5 $1 22. d5 (22. Bb2 exd4 23. cxd4 a5 (23... Bxd4 24. Rad1 Bxb2 25.
Rxd8 Raxd8 $44) (23... Qd6 {[%csl Rb4]} 24. Bc3 Rac8 $15) 24. bxa5 Rxa5 25.
Rad1 b4 $11 {[%cal Ga5d5]}) 22... e4 23. Rxe4 Qxd5 $15) 22. Qg4 Bxc1 23. Raxc1
Ne7 24. Ne3 Nd5 {The position is complitely equal. If anybody has chances here
for a win it is black, so the result is a bit strange.} (24... Nd5 25. Nxd5
Qxd5 26. Re5 Qb3 27. Rg5 g6 $11 {[%csl Rc3][%cal Ga6a5,Gf8c8,Gb3b2]}) 1-0

[Event "BIH-chT"]
[Site "Neum"]
[Date "2002.06.08"]
[Round "9.2"]
[White "Martinovic, Slobodan"]
[Black "Perunovic, Milos"]
[Result "1-0"]
[WhiteElo "2450"]
[BlackElo "2478"]
[Annotator "Rabinovich,Al"]
[PlyCount "213"]
[EventDate "2002.06.02"]
[EventType "team"]
[EventRounds "9"]
[EventCountry "BIH"]
[SourceTitle "CBM 090"]
[Source "ChessBase"]
[SourceDate "2002.09.20"]
[SourceVersion "1"]
[SourceVersionDate "2002.09.20"]
[SourceQuality "1"]
[WhiteTeam "Bugojno"]
[BlackTeam "Bijeljina"]
[WhiteTeamCountry "BIH"]
[BlackTeamCountry "BIH"]

1. e4 {[%mdl 4104]} c5 2. Nf3 Nc6 3. Bb5 e6 4. O-O Nge7 5. Re1 Nd4 6. Nxd4 (6.
Bf1 Nec6 7. c3 Nxf3+ 8. Qxf3 Be7 $11) 6... cxd4 7. d3 a6 8. Ba4 Nc6 9. c3 (9.
Nd2 $1 b5 10. Bb3 Bc5 (10... g6 11. Nf3 Bg7 12. Bg5 Qb6 13. e5 h6 14. Bf4 Bb7
15. c3 g5 16. Bg3 dxc3 17. bxc3 Ne7 18. d4 $14 {[%csl Rg5,Rh6][%cal Gh2h4] 1-0
Glek,I-Sherbakov,R/Tomsk 2001/CBM 82 ext (40)}) 11. e5 d5 12. Qg4 O-O 13. Nf3
f5 14. Qg3 Ra7 15. Bd2 $14 {[%csl Rc8][%cal Gh2h6] 1/2-1/2 Ulibin,M-Sveshnikov,
E/Ekaterinburg RUS 2002/The Week in Chess 395 (31)}) 9... b5 10. Bb3 Bb7 $146 {
A new move,which was tested in currient game.} (10... Bc5 $5 11. Qg4 Qf6 12.
Qe2 d6 13. c4 O-O 14. Nd2 Bb7 {[%cal Gc6a5] 1/2-1/2 Zhang Zhong-Gulko,B/
Shanghai CHN 2002/The Week in Chess 401 (32) Black reached a very comfortable
position with good play on Qside.}) (10... Qf6 $5 {[%csl Ra1,Rb1]} 11. c4 Qg6
12. Nd2 Be7 13. Nf3 O-O 14. Bf4 Bb7 15. Rc1 b4 {1/2-1/2 Ehlvest,J-Benjamin,J/
New York 1990/CBM 16 ext (15)}) 11. Nd2 Be7 12. Nf3 dxc3 13. bxc3 O-O $11 {
Black easily equalized the game!} 14. Bb2 Rc8 15. a4 Kh8 $6 {Planning f5,which
is unnessasary at all!} (15... b4 $142 16. cxb4 Bxb4 17. Re2 Qb6 $11 {[%cal
Gb6b2]}) 16. axb5 axb5 17. c4 $2 (17. Qd2 $5 $14) 17... b4 $5 (17... bxc4 18.
Bxc4 d5 19. exd5 exd5 20. Bb3 Bb4 21. Re3 Qd7 $11 {[%cal Gf8e8]}) 18. Ne5 Nxe5
(18... Na5 19. Ba4 d6 20. Nd7 Rg8 21. Re3 $40 {[%csl Ra5,Rb7,Re7][%cal Ge3h3,
Gh3h7] Black pieces are far from the K and can't come to defend him.}) 19. Bxe5
f5 20. exf5 (20. Ra7 Bc6 21. Qa1 Bf6 22. Bxf6 $11) 20... Rxf5 {[%csl Gb7][%cal
Gb7g2]} 21. d4 {[%cal Gd4d5]} Bh4 22. Ra2 $6 (22. Bg3 {Would keep the position
dinamicly equal.}) 22... Ra8 $1 $15 23. Rb2 Qg5 (23... Ra3 $142) 24. Bg3 $1 {
This move brings to the end all black's attemps for attack!} (24. f4 Qh6 25.
Re3 {[%cal Ge3h3]} Rxf4 $1 26. Bxf4 Qxf4 $40 {[%csl Ga8,Rb3,Gb7,Gf4,Gh4]})
24... Qh6 (24... Bxg3 25. hxg3 $11) 25. Qd2 Qxd2 26. Rxd2 Be7 $2 {This is
already a mistake.26...Be7 allows white to close the Bb7 and to open e-file!} (
26... Bxg3 27. hxg3 Rfa5 $15) 27. d5 $1 Bg5 28. Rde2 Ra3 {Simply looses the
pawn without any compensation.} (28... exd5 29. h4 $16 Bh6 30. cxd5 $36 {
[%csl Rb7,Rh6,Rh8]}) 29. Bc2 {This move serves the same idea.} (29. dxe6 Rxb3
30. e7 Bxe7 31. Rxe7 h6 32. Rxd7 Ba6 33. h4 $16 {[%cal Ge1e7]}) 29... Rf8 30.
Bd6 $16 Rg8 31. Bxb4 Ra2 32. dxe6 dxe6 33. f3 $18 {The position is winning,but
there is still some technic to show.} Ba6 34. Bb3 {[%csl Re6,Rh8]} Rxe2 35.
Rxe2 Rb8 36. Rxe6 h6 37. Rxa6 Rxb4 38. Ra8+ Kh7 39. Bc2+ g6 40. Ra7+ Kh8 {
[%cal Gg5e3,Ge3a7,Ge3g1]} 41. Ra2 Kg7 42. Bd3 Rb3 43. Be4 Rc3 44. Ra7+ Kf8 45.
Rc7 Bf4 46. Rc8+ Kf7 47. g3 Be3+ 48. Kg2 {Now white king is in the game.White
will try to advance the c-pawn in addition to that to make another free pawn
on Kside.} g5 49. Kh3 {[%csl Gg4,Gh5][%cal Gh3g4,Gg4h5]} Bg1 50. Rh8 Rxc4 51.
Rxh6 Be3 52. Kg4 {White can consider sacrafising the exchange for B+P.} Rb4 53.
Rc6 Ke7 54. h3 Rb5 55. Rc3 Bd2 56. Rd3 Bc1 57. Rc3 Bd2 58. Rc7+ Kf6 59. Rc6+ {
White should be aware of not changing the rooks,what will lead to draw!} Kf7
60. h4 gxh4 61. Kxh4 Be1 62. Rc1 Bf2 63. Rc2 Be1 64. Kg4 Kf6 65. Rc6+ Ke5 66.
Rc1 (66. f4+ $1 Kd4 (66... Kxe4 67. Re6+ $18 {Winning!}) 67. Re6 $18 {[%csl
Rd4,Re1][%cal Gf4f8] Was much faster.}) 66... Bf2 67. Rc2 Be3 68. Rc4 Bf2 69.
f4+ Kf6 70. Rc2 Be1 71. Re2 Bc3 72. Rh2 Be1 73. Rh6+ Kf7 74. Rh4 {White plays
very strange.No plan or just waisting time..........} Bf2 75. Rh2 Rb2 76. Kf3
Bd4 77. Rh7+ Kf6 78. Rh6+ Ke7 79. Bd5 Rc2 80. g4 {Finally!} Rf2+ 81. Ke4 Bb2
82. Rc6 (82. Re6+ $1 Kf7 (82... Kd7 83. Kf5 $18 {[%cal Ge6e4,Ge4f4,Gg4g8]
Winning simply.}) 83. Ke3 $18 {[%cal Gd5f7] Black has no moves!}) 82... Ba3 83.
Re6+ Kd7 84. Rf6 $6 (84. Kf5 $1 {[%cal Gg4g8]}) 84... Bc1 85. g5 Ke7 86. Bc4
Rc2 87. Bb3 Rb2 88. Rf7+ Ke8 89. Bd5 Re2+ 90. Kf3 Re7 91. Rf5 {[%cal Gd5c6]}
Re1 92. Bc4 {[%cal Gf5a5]} Rg1 93. Rf6 Rd1 94. Ke4 $2 {Another mistake! White
plays the ending very slow and not accurately.} (94. Be2 $3 {The idea behind
this quiet move is:To take control over all the squares on the g-file!} Rg1 95.
Kf2 {[%csl Gg1,Gg2,Gg3,Gg4]} Rh1 96. g6 Rh2+ 97. Kf3 Rh3+ 98. Kg2 Rh8 99. Rf7
Bb2 100. Bb5+ Kd8 101. g7 $18) 94... Bb2 95. Re6+ Kf8 96. Rc6 Rd4+ 97. Ke3 Rd1
98. Kf3 Bc1 99. Be2 Re1 100. Re6 Bd2 (100... Kf7 $142) 101. Kg4 Ra1 102. Re4
Kg7 103. Bc4 Rg1+ 104. Kf5 Ra1 105. Re7+ Kf8 (105... Kh8 106. Kg6 $18 {[%cal
Ge7e8,Ge7h7]}) 106. Rf7+ Ke8 107. g6 1-0